| 000 | 00307nam a22001097a 4500 | ||
|---|---|---|---|
| 082 | _a681.753 GYR'S | ||
| 100 |
_aSAVET, PAUL _959742 |
||
| 245 | _aGYROSCOPES THEORY AND DESIGN WITH APPLICATION TO INSTRUMENTATION GUIDANCE AND CONTROL | ||
| 260 |
_aNEWYORK _bMCGRAW HILL _c1961 |
||
| 300 | _a402P | ||
| 942 | _cBK | ||
| 999 |
_c569643 _d569643 |
||